| 000 | 05418namaa22004331i 4500 | ||
|---|---|---|---|
| 003 | EG-GICUC | ||
| 005 | 20260419153848.0 | ||
| 008 | 260419s2025 ua a|||frm||| 000 0 eng d | ||
| 040 |
_aEG-GICUC _beng _cEG-GICUC _dEG-GICUC _erda |
||
| 041 | 0 |
_aeng _beng _bara |
|
| 049 | _aDeposit | ||
| 082 | 0 | 4 | _a330.94109048 |
| 092 |
_a330.94109048 _221 |
||
| 097 | _aPh.D | ||
| 099 | _aCai01.03.02.Ph.D.2025.Si.I | ||
| 100 | 0 |
_aSidrah Nasr Hafez Khalil, _epreparation. |
|
| 245 | 1 | 0 |
_aIncentivizing lower materialism among egyptian youths : _b an experimental approach / _cby Sidrah Nasr Hafez Khalil ; Supervision Dr. Sarah Adel Mansour, Dr. Marwa Mohamed Shibl Biltagy. |
| 246 | 1 | 5 |
_aتحفيز مستوى مادية أقل عند الشباب المصري : _bمنهج تجريبي |
| 264 | 0 | _c2025. | |
| 300 |
_a144 pages : _billustrations ; _c25 cm. + _eCD. |
||
| 336 |
_atext _2rda content |
||
| 337 |
_aUnmediated _2rdamedia |
||
| 338 |
_avolume _2rdacarrier |
||
| 502 | _aThesis (Ph.D)-Cairo University, 2025. | ||
| 504 | _aBibliography: pages 103-125. | ||
| 520 | 3 | _aMaterialism has been widely discussed in the economic literature and debated on having positive and negative effects. It may increase consumer desire but negatively affects wellbeing and cause social, psychological, political and environmental consequences. This study examines materialism in Egypt through two phases. The first analyzes national materialism using World Values Survey data for Egypt (2001–2018, N = 8,143) with an ordered logit model. The second applies a survey experiment with youth (N = 296) to test behavioral interventions designed to reduce personal materialism. Results show that education lowers materialism among youth (p<.01), while age increases it (p<.05). Being single or divorced also reduces materialism (p<.05). Experimental findings indicate that boosting self-confidence (p<.05), fostering gratitude (p<.01), and encouraging pro-social behavior (p<.01) significantly reduce materialistic orientations. Methodologically, the study integrates large-scale survey analysis with randomized interventions, ensuring robust insights at both national and personal levels. Based on the evidence, the study recommends promoting civic engagement, gratitude, and self-confidence as policy tools to mitigate materialism among Egyptian youth. | |
| 520 | 3 | _aلقد نوقش المذهب المادي على نطاق واسع في الأدبيات الاقتصادية، وتباينت الآراء حول آثاره الإيجابية والسلبية. فقد يؤدي إلى زيادة الرغبة الاستهلاكية، لكنه يؤثر سلبًا على الرفاهية ويترتب عليه عواقب اجتماعية ونفسية وسياسية وبيئية. تهدف هذه الدراسة إلى تحليل المادية في مصر من خلال مرحلتين. تتناول المرحلة الأولى تحليل المادية على المستوى الوطني باستخدام بيانات مسح القيم العالمية في مصر (عدد المشاركين = 8,143) من خلال نموذج لوﭼيت الترتيبي. أما المرحلة الثانية، فتُجرى من خلال تجربة مسحية تستهدف الشباب (عدد المشاركين = 296) لاختبار تدخلات سلوكية مصممة لتقليل النزعة المادية الشخصية. وتُظهر النتائج أن التعليم يُخفّض من مستوى المادية لدى الشباب (قيمة الاحتمال < 0.01)، في حين أن التقدم في العمر يزيد منها (قيمة الاحتمال < 0.05). كما أن كون الفرد أعزبًا أو مطلقًا يسهم أيضًا في تقليل المادية (قيمة الاحتمال < 0.05). وتُشير النتائج التجريبية إلى أن تعزيز الثقة بالنفس (قيمة الاحتمال < 0.05)، وتنمية مشاعر الامتنان (قيمة الاحتمال < 0.01)، وتشجيع السلوك الاجتماعي الإيجابي (قيمة الاحتمال < 0.01) تؤدي جميعها إلى تقليل النزعات المادية بشكل ملحوظ. ومن الناحية المنهجية، تدمج الدراسة بين تحليل بيانات مسحية واسعة النطاق وتدخلات عشوائية، ما يضمن استخلاص رؤى قوية على المستويين الوطني والفردي. وبناءً على الأدلة، توصي الدراسة بتعزيز المشاركة المجتمعية، ومشاعر الامتنان، والثقة بالنفس كأدوات سياساتية للحد من النزعة المادية بين الشباب المصري. | |
| 530 | _aIssues also as CD. | ||
| 546 | _aText in English and abstract in Arabic & English. | ||
| 650 | 0 | _aeconomic experiment | |
| 650 | 0 | _aالتجربة الاقتصادية | |
| 653 | 1 |
_aEgypt _amaterialism _ayouth _aeconomic experiment _abehavioral interventions _aمصر _aالمادية |
|
| 700 | 0 |
_aSarah Adel Mansour _ethesis advisor. |
|
| 700 | 0 |
_aMarwa Mohamed Shibl Biltagy _ethesis advisor. |
|
| 900 |
_b01-01-2025 _cSarah Adel Mansour _cMarwa Mohamed Shibl Biltagy _UCairo University _FFaculty of Economics and Political Science _D Department of Economics |
||
| 905 | _aShimaa | ||
| 942 |
_2ddc _cTH _e21 _n0 |
||
| 999 | _c179583 | ||